| 000 | 01887nam0a2200385 4500 | ||
|---|---|---|---|
| 001 | RU\NLR\bibl\1175987 | ||
| 005 | 20260405164306.0 | ||
| 010 |
_a978-5-8459-1317-3 _92000 |
||
| 035 | _a(NLR Aleph) 001162638 | ||
| 090 |
_a1547272 _c1547272 |
||
| 100 | _a20080115d2008 |||y0rusy50 ca | ||
| 101 | 1 |
_arus _ceng |
|
| 102 |
_aRU _aUA |
||
| 105 | _aa ||||||||| | ||
| 200 | 1 |
_aC# 2005 и платформа. NET 3.0 для профессионалов _e[для пользователей средней и высокой квалификации] _fКристиан Найгел, Билл Ивьен, Джейн Глинн [и др. _gпер. с англ. Я.П. Волковой и др. _gпод ред Ю.Н. Артеменко] |
|
| 210 |
_aМосква [и др.] _cДиалектика _d2008 [т.е. 2007] |
||
| 215 |
_a1789 с. _cил. _d25 _e1 элект. опт. диск (CD-ROM) |
||
| 300 | _aЗагл. ориг.: Professional С# 2005 with. NET 3.0 | ||
| 300 | _aКн. фактически изд. в 2007 г. | ||
| 320 | _aПредм. указ.: с. 1778-1789 | ||
| 454 | 0 |
_12001#$aProfessional С# 2005 with. NET 3.0 _tProfessional С# 2005 with. NET 3.0 |
|
| 606 | 1 |
_aC# 2005, язык программирования _92442406 _3RU\NLR\auth\661452884 |
|
| 606 | 1 |
_aMICROSOFT .NET 3.0, операционная система _92502306 _3RU\NLR\auth\661484021 |
|
| 686 | _aЗ973.23-018.1 | ||
| 686 | _aЗ973.23-018.2 | ||
| 701 | 1 |
_aНейгел _bК. _gКристиан _4070 |
|
| 701 | 1 |
_aИвьен _bБ. _gБилл _4070 |
|
| 701 | 1 |
_aГлинн _bД. _gДжейн _4070 |
|
| 702 | 1 |
_4340 _8rus _7ca _aАртеменко _bЮ. Н. _cканд. техн. наук _gЮрий Николаевич _3RU\NLR\auth\7770270 _953198 |
|
| 801 | 0 |
_aRU _bNLR _c20080115 _gRCR |
|
| 801 | 1 |
_aRU _bNLR _c20080115 |
|
| 830 | _aавт. по кн. | ||
| 942 | _cBOOK | ||
| 980 | _aNB | ||